000 00944cab a2200241 4500
001 ABS55156
008 090401t1996 xxu||||| |||| 00| 0 eng d
035 _a(Sirsi) u14565
041 _aeng
100 _aBaldock, J.
245 _aPlanning action needed to break fourth retail wave
260 _c1996
350 _a0
490 _aPlanning (for the Natural and Built Environment)
_v(1170) 24 May 1996, 28-29(2)
520 _aLooks at effect of retail decentralisation on town centres by the emergence of the factory outlet centre which is increasingly targeted at larger, more accessible towns with a large catchment population. Discusses factory outlet features and retail outlet location planning.
650 _aDECENTRALISATION
650 _aFACTORY OUTLET CENTRES
650 _aOUT-OF-TOWN SHOPPING CENTRES
650 _aRETAIL
690 _aPROPERTY-COMMERCIAL PROPERTY-RETAIL PROPERTY
942 _n0
948 _c04/03/1997
999 _c9503
_d9503